| 000 | 00000nam##2200000za#4500 |
| 001 | 9.610734 |
| 003 | CaOODSP |
| 005 | 20220405153325 |
| 007 | ta |
| 008 | 150406|1993||||xxc||||| f|0| 0 eng|d |
| 022 | |a0226-4587 |
| 040 | |aCaOODSP|beng |
| 043 | |an-cn--- |
| 086 | 1 |aP29-072-011-1993E |
| 110 | 2 |aCanadian General Standards Board. |
| 245 | 10|aMicrofilm and electronic images as documentary evidence |
| 260 | |aOttawa - Ontario : |bCanadian General Standards Board |cOctober, 1993. |
| 300 | |aEnglish text, 31p. ; |c28 cm. |
| 490 | 1 |aNational standard of Canada |x0226-4587 |vCAN/CGSB-72.11-93 |
| 500 | |aSupersedes Can/CGSB-72.11-M88. French translation to be published at a later date. |
| 546 | |aBilingual |
| 563 | |aSoftcover |
| 590 | |a93-41|b1993-10-15 |
| 690 | 07|aIndustrial products|2gcpds |
| 690 | 07|aMicrographics|2gcpds |
| 776 | 0#|tMicrofilm and electronic images as documentary evidence |w(CaOODSP)9.845197 |
| 830 | #0|aNational standard of Canada,|x0226-4587 |vCAN/CGSB-72.11-93|w(CaOODSP)9.514840 |
| 986 | |aNational Standard of Canada |